Garis panduan aktiviti mencarigali dan pengkuarian dalam Hutan Simpanan Kekal

Bibliographic Details
Corporate Author: NRE
Format: Book
Published: Kuala Lumpur : NRE , 2011
Subjects:

MARC

LEADER 00000cam a2200000 7i4500
001 0000004026
005 20150108.0
090 0 0 |a 333.73   |b HSK 2011 
245 1 0 |a Garis panduan aktiviti mencarigali dan pengkuarian dalam Hutan Simpanan Kekal   |c Kementerian Sumber Asli dan Alam Sekitar (NRE) 
260 0 0 |a Kuala Lumpur :   |b NRE ,   |c 2011 
300 |a iii, 97 p. :   |b ill. ;   |c 30 cm. 
650 0 0 |a Forest reserve. 
650 0 0 |a Laws 
710 2 1 |a NRE 
998 |a JPSM 
999 |a 007797   |b Monograph   |c Open Shelf   |e Default branch 
999 |a 007798   |b Monograph   |c Open Shelf   |e Default branch